La evaluación de la socialización familiar : (Record no. 207554)

MARC details
000 -CABECERA
campo de control de longitud fija 01697cab a2200277 ab4500
005 - FECHA Y HORA DE LA ÚLTIMA TRANSACCIÓN
campo de control 20250827144455.0
008 - ELEMENTOS DE LONGITUD FIJA--INFORMACIÓN GENERAL
campo de control de longitud fija 991125c2016 mx qr p o 000 0 spa d
035 ## - NÚMERO DE CONTROL DEL SISTEMA
Número de control de sistema UPN01000235459
040 ## - FUENTE DE LA CATALOGACIÓN
Centro catalogador/agencia de origen MX-MxUPN
Lengua de catalogación spa
Centro/agencia transcriptor MX-MxUPN
Normas de descripción aacr2
049 ## - COLECCIÓN
Colección ART-E
100 1# - ASIENTO PRINCIPAL--NOMBRE PERSONAL
Nombre de persona Musitu, Gonzalo
Enlace - gmusoch@upo.es
100 1# - ASIENTO PRINCIPAL--NOMBRE PERSONAL
Nombre de persona García, Fernando
245 13 - MENCIÓN DE TÍTULO
Título La evaluación de la socialización familiar :
Resto del título ESPA29
Medio [recurso electrónico en línea]
506 0# - NOTA DE RESTRICCIONES AL ACCESO
Limitaciones de acceso Acceso abierto
520 3# - NOTA DE RESUMEN, ETC.
Sumario, etc. Tradicionalmente la socialización familiar se ha considerado un importante correlato del bienestar psicosocial de hijos e hijas y un constructo teórico fundamental para entender las conductas ajustadas y adaptadas dentro de la sociedad. La evaluación del proceso de socialización requiere una perspectiva teórica que conceptualice cómo pueden influir los padres en sus hijos. Sobre la base del clásico modelo bidimensional de socialización, con los ejes de aceptación/implicación y severidad/imposición se definen cuatro tipos de actuación parental: indulgente, autorizativo, negligente y autoritario. La escala ESPA29 permite esa evaluación y se considera que es idónea para la evaluación de la socialización familiar. Padres y maestros.
653 0# - TERMINO DE INDIZACION - NO CONTROLADO
Término no controlado Socialización familiar
653 0# - TERMINO DE INDIZACION - NO CONTROLADO
Término no controlado Bienestar psicosocial
653 0# - TERMINO DE INDIZACION - NO CONTROLADO
Término no controlado Influencia familiar
653 0# - TERMINO DE INDIZACION - NO CONTROLADO
Término no controlado Evaluación
773 ## - ENLACE AL DOCUMENTO FUENTE/ENTRADA DE REGISTRO ANFITRIÓN
Parte(s) relacionada(s) No. 367, (2016), p. 60-66
Título Revista padres y maestros 
Número Internacional Normalizado para Publicaciones Seriadas 2255-1042
856 4# - LOCALIZACIÓN Y ACCESO ELECTRÓNICOS
Identificador Uniforme del Recurso <a href="https://revistas.comillas.edu/index.php/padresymaestros/article/view/7126/7238">https://revistas.comillas.edu/index.php/padresymaestros/article/view/7126/7238</a>
856 4# - LOCALIZACIÓN Y ACCESO ELECTRÓNICOS
Identificador Uniforme del Recurso <a href="https://doi.org/10.14422/pym.i367.y2016.011">https://doi.org/10.14422/pym.i367.y2016.011</a>
902 ## - ELEMENTOS DE DATOS B LOCAL, LDB (RLIN)
Creó Leonor Sotres/270825
905 ## - TIPO DE MATERIAL
Tipo de material Articulo
942 ## - ELEMENTOS DE PUNTO DE ACCESO ADICIONAL (KOHA)
Tipo de ítem Koha Artículo Electrónico
Holdings
Estado de retiro Estado de pérdida Estado dañado No para préstamo Código de colección Localización permanente Ubicación/localización actual Ubicación en estantería Fecha de adquisición Total de préstamos Fecha visto por última vez Identificador Uniforme del Recurso Precio válido a partir de Tipo de ítem Koha
        Acceso abierto Bib. Gregorio Torres Quintero Bib. Gregorio Torres Quintero En línea 27/08/2025   27/08/2025 https://doi.org/10.14422/pym.i367.y2016.011 27/08/2025 Artículo Electrónico